Gli De'i Torneranno

Salvato in:
Dettagli Bibliografici
Autore principale: Carlo Sgorlon
Natura: Libro
Lingua:lingua imprecisata
Pubblicazione: Club Degli Editori
Tags: Aggiungi Tag
Nessun Tag, puoi essere il primo ad aggiungerne!!

MARC

LEADER 00000nam a2200000Ia 4500
001 R-1112
003 CODICE-MESSINA
005 20260212102502.0
008 260211s9999 xx 000 0 und d
040 |c importazione_messina 
100 |a Carlo Sgorlon 
245 0 |a Gli De'i Torneranno 
260 |b Club Degli Editori 
942 |2 ddc  |c BK 
952 |0 0  |1 0  |2 ddc  |4 0  |6 SCAFFALE_11_000000000000000__ROMANZI  |7 0  |9 31943  |a ME  |b ME  |d 2026-02-11  |l 0  |o SCAFFALE 11 - ROMANZI  |p R-1112  |r 2026-02-11 23:52:52  |w 2026-02-11  |x [REVISIONARE]  |y BK 
999 |c 27608  |d 27608